Statistiques concernant Films se déroulant en mer

Cliquez ici pour prendre le quiz!

Statistiques générales

  • Ce quiz a été pris 239 fois
  • Le résultat moyen est 9 sur 16

Statistiques - réponses

Réponse% Correct
Le Monde de Némo
100%
Pirates des Caraïbes : La Malédiction du Black Pearl
99%
Titanic
99%
Les Dents de la Mer
93%
La Petite Sirène
88%
Vaiana, la Légende du bout du monde
87%
L'Odyssée de Pi
64%
Ponyo sur la Falaise
49%
Le Chant du Loup
42%
Le Grand Bleu
41%
En eaux troubles
35%
1492 : Christophe Colomb
23%
Good Morning England
19%
Vingt Mille Lieues sous les mers
16%
En Solitaire
5%
Calme Blanc
2%

Distribution des résultats

Percentile par nombre de réponses

% des personnes avec chaque résultat

Votre développement - résultats

Vous n’avez pas pris ce quiz